Statistiques concernant Chainsaw Man Personnages

Cliquez ici pour prendre le quiz!

Statistiques générales

  • Ce quiz a été pris 89 fois
    (3 depuis la dernière actualisation)
  • Le résultat moyen est 15 sur 130

Statistiques - réponses

IndiceRéponse% Correct
Devil HunterAki Hayakawa
100%
Devil HunterDenji
100%
Devil HunterHimeno
100%
Devil HunterKishibe
100%
Devil HunterMakima
100%
DémonPochita
100%
HominidémonePower
100%
Ancienne Devil HunterAkane Sawatari
50%
DémonAngel
50%
LycéenneAsa Mitaka
50%
HominidémonBeam
50%
DémonDémon Ange
50%
DémonDémon Bombe
50%
DémonDémon Flingue
50%
DémonDémon Futur
50%
Devil HunterKobeni Higashiyama
50%
Mi Homme-Mi DémonMiri Sugo
50%
ChatNyaako
50%
Mi Femme-Mi DémoneQuanxi
50%
Mi Femme-Mi DémoneReze
50%
Mi Homme-Mi DémonSamouraï Sword / Katana Man
50%
AssassinSanta Claus
50%
DémonYoru
50%
AssassinAldo
0%
CivilAsada
0%
Mi Homme-Mi DémonBarem Bridge
0%
YakusaBoss Yakusa
0%
HominidémoneCosmo
0%
LycéenneDéléguée
0%
DémonDémon Abeille Charpentière
0%
DémonDémon Aiguille
0%
DémonDémon Araignée
0%
DémonDémon Arbalète
0%
DémonDémon Cafard
0%
DémonDémon Chatiment
0%
DémonDémon Chauve-Souris
0%
DémonDémon Chute
0%
DémonDémon Cosmos
0%
DémonDémon Couteau
0%
DémonDémon Domination / Conquête
0%
DémonDémon Enfer
0%
DémonDémon Épée Longue
0%
DémonDémon Éternité
0%
DémonDémon Famine
0%
DémonDémon Fantôme
0%
DémonDémon Fouet
0%
DémonDémon Gravité
0%
DémonDémon Griffe
0%
DémonDémon Guerre
0%
DémonDémon Holothurie
0%
DémonDémon Justice
0%
DémonDémon Katana
0%
DémonDémon Lance
0%
DémonDémon Lance-Flammes
0%
DémonDémon Lune
0%
DémonDémon Main
0%
DémonDémon Malediction
0%
DémonDémon Mort
0%
DémonDémon Muscle
0%
DémonDemon Pantin
0%
DémonDémon Peau
0%
DémonDémon Pierre
0%
DémonDémon Pieuvre
0%
DémonDémon Poisson
0%
DémonDémon Porc
0%
DémonDémon Poulet
0%
DémonDémon Poulpe
0%
DémonDémon Renard
0%
DémonDémon Requin
0%
DémonDémon Sang
0%
DémonDémon Sangsue
0%
DémonDémon Serpent
0%
DémonDémon Suicide
0%
DémonDémon Ténèbres
0%
DémonDémon Tomate
0%
DémonDémon Traumatisme
0%
DémonDémon Tronçonneuse
0%
DémonDémon Typhon
0%
DémonDémon Violance
0%
DémonDémon Zombie
0%
HominidémoneDominion
0%
AssassinFrère Assassin
0%
Devil HunterFumiko Mifune
0%
Club des Devil HunterFurio
0%
Devil HunterFuruno
0%
Devil HunterFushi
0%
HominidémonGalgali
0%
Club des Devil HunterHaruka Iseumi
0%
Devil HunterHirofumi Yoshida
0%
Devil HunterHirokazu Arai
0%
HominidémonHominidémon Flingue
0%
AssassinJoey
0%
Devil HunterKato
0%
Devil HunterKenzo
0%
Club des Devil HunterKiga (Fami)
0%
DémonKokepi
0%
ChatKoulambon
0%
Devil HunterKusakabe
0%
HominidémoneLong
0%
Devil HunterMadoka
0%
AssassinMarionnettiste
0%
Devil HunterMichiko Tendo
0%
Élève d'ÉcoleMiu
0%
Devil HunterNakamura
0%
DémoneNayuta
0%
Club des Devil HunterNobana Higashiyama
0%
Devil HunterNomo
0%
HominidémonePingtsi
0%
DémonPrinci
0%
Devil HunterSato
0%
Club des Devil HunterSeigi Akoku
0%
HominidémonSeraphim
0%
PolicierShiina
0%
Élève d'ÉcoleShôta
0%
YakusaShuzo Mishima
0%
Mi Homme-Mi DémonSpear Man
0%
Devil HunterSubaru
0%
Famille HayakawaTaiyo Hayakawa
0%
YakusaTakashi Inoue
0%
Devil HunterTamaoki
0%
Devil HunterTanabe
0%
ProfesseurTanaka
0%
AssassinTolka
0%
CivilTomono
0%
HominidémoneTsugihagi
0%
HominidémonVirtue
0%
Mi Femme-Mi DémonWhip Woman
0%
LycéenneYûko
0%
Élève d'ÉcoleYûmi
0%
Devil HunterYutaro Kurose
0%

Distribution des résultats

Percentile par nombre de réponses

% des personnes avec chaque résultat

Votre développement - résultats

Vous n’avez pas pris ce quiz depuis la dernière actualisation